000 00668nam a2200253Ia 4500
003 OSt
005 20221006143641.0
006 a|||||r|||| 00| 0
007 ta
008 221006b |||||||| |||| 00| 0 eng d
020 _c
_1.50
024 _a9,549
037 _cTextual
040 _aEASL
_cEASL
_beng
041 _2eng
_aeng
082 _aX:54.410j1.N52, J4
100 _aHSIN Ying
_9650169
245 0 _aForeign trade of Communist China
260 _aHong Kong
_bUnion Research Institute
_c1954
300 _a134p.
_ccm.
490 _v CEL
942 _hX:54.410j1.N52, J4
_cTEXL
_2CC
999 _c1077635
_d1077635